Persecution and pluralism. - Oxford [u.a.] : Lang. - 2006 [Rezension]

Titel: Persecution and pluralism. - Oxford [u.a.] : Lang. - 2006 [Rezension]
Verfasser:
In: Zeitschrift für historische Forschung, Band 37, Heft 3 (2010), Seite 517-519
alle Artikel anzeigen
Veröffentlicht: 2010
Format: Aufsatz
Sprache: Deutsch
Kein Bild verfügbar
X
alg: 39500182
001A    $01999:12-11-16 
001B    $01999:01-06-17 $t18:15:15.000 
001D    $01999:12-11-16 
001U    $0utf8 
001X    $00 
002@    $0Aox 
003@    $039500182X 
007A    $039500182X $aHEB 
007T    $0Herdc0068590m 
009P    $A2 $3zusätzliche Angaben $uhttp://www.atypon-link.com/DH/doi/pdf/10.3790/zhf.37.3.463 
010@    $ager 
011@    $a2010 
021A    $aPersecution and pluralism. - Oxford {[u.a.] : Lang. -  2006 [Rezension] 
028A    $aPietsch $dAndreas 
031A    $d37 $e3 $h517-519 $j2010 
039B    $aIn $8--Abvc--. Zeitschrift für historische Forschung. - Berlin : Duncker & Humblot, 1974-. - ISSN 0340-0174 $x201000000370003483 $9047120908 
039T    $8--Aau--. Persecution and pluralism. - Oxford {[u.a.] : Lang, 2006. - 326 S.. - ISBN 3-03910-570-1 $9183862953 
045T    $a8 

lok: 39500182 78

exp: 39500182 78 1 #EPN
201B/01 $018-11-16 $t13:23:51.000 
201U/01 $0utf8 
203@/01 $0791300447 
208@/01 $a12-11-16 $be 
209A/01 $a/ $f000 $x00 
220C/01 $aTitelaufnehmer: pg 
220C/01 $aHerkunft: HI Marburg 
244Z/01 $2Trx $#arvustused $#recenzijos $#Reviews $#recenziók $#recenzje $#recenzie $#recenze $8--Trx--Rezensionen $x01 $9391357441 
244Z/01 $2Trx $8--Trx--elektronische Ressource $x02 $939138452X 
247C/01 $82080>Marburg/Lahn, Herder-Institut, Forschungsbibliothek, Bibliographieportal $9336309341
LEADER 00000caa a22000002c 4500
001 39500182X
003 DE-603
005 20170601181515.0
007 tu
008 161112s2010 xx |||| | u00||u|ger c
035 |a (DE-599)HEB39500182X 
040 |a DE-603  |b ger  |c DE-603  |d DE-603 
041 |a ger 
084 |a 8  |2 ssgn 
100 1 |a Pietsch, Andreas 
245 0 0 |a Persecution and pluralism. - Oxford ˜[u.a.] œ: Lang. - 2006 [Rezension] 
264 0 |c 2010 
773 0 8 |i In  |t Zeitschrift für historische Forschung  |d Berlin : Duncker & Humblot, 1974-  |h 23 cm  |x 0340-0174  |g Band 37, Heft 3 (2010), Seite 517-519  |w (DE-603)047120908  |w (DE-600)125204-5 
787 0 8 |i Rezension von  |t Persecution and pluralism  |d Oxford ˜[u.a.] œ: Lang, 2006  |h 326 S.  |z 3039105701  |z 0820475971  |w (DE-603)183862953 
856 4 2 |u http://www.atypon-link.com/DH/doi/pdf/10.3790/zhf.37.3.463  |3 zusätzliche Angaben 
924 0 |9 2080  |a (DE-603)791300447  |b DE-2080  |c HES  |d d  |g /